La Biblia de Director 8 / (Record no. 87145)

MARC details
000 -CABECERA
campo de control de longitud fija 00723nam a2200217 a 4500
005 - FECHA Y HORA DE LA ÚLTIMA TRANSACCIÓN
campo de control 20210223124457.0
008 - ELEMENTOS DE LONGITUD FIJA--INFORMACIÓN GENERAL
campo de control de longitud fija 011018s2000 r 000 0 eng d
020 ## - NÚMERO INTERNACIONAL NORMALIZADO PARA LIBROS
Número Internacional Estándar del Libro 844151089X
035 ## - NÚMERO DE CONTROL DEL SISTEMA
Número de control de sistema UPN01000113237
049 ## - COLECCIÓN
Colección CG
050 #4 - SIGNATURA TOPOGRÁFICA DE LA BIBLIOTECA DEL CONGRESO
Número de clasificación QA76.575
Número de documento/Ítem N9.2
100 1# - ASIENTO PRINCIPAL--NOMBRE PERSONAL
Nombre de persona Nyquist, John R.,
Fechas asociadas al nombre 1964-
245 13 - MENCIÓN DE TÍTULO
Título La Biblia de Director 8 /
Mención de responsabilidad, etc. John Nyquist, Robert Martin.
260 ## - PUBLICACIÓN, DISTRIBUCIÓN, ETC.
Lugar de publicación, distribución, etc. Madrid :
Nombre del editor, distribuidor, etc. Anaya Multimedia,
Fecha de publicación, distribución, etc. 2000.
300 ## - DESCRIPCIÓN FÍSICA
Extensión 959 p. :
Otras características físicas il. +
Material acompañante/anejo 1 CD-ROM : son., col.; 4 3/4 plg.
650 #4 - ASIENTO SECUNDARIO DE MATERIA - TERMINO TEMATICO
Término de materia o nombre geográfico como elemento de entrada MULTIMEDIA INTERACTIVA
9 (RLIN) 4856
650 #4 - ASIENTO SECUNDARIO DE MATERIA - TERMINO TEMATICO
Término de materia o nombre geográfico como elemento de entrada DIRECTOR (ARCHIVO PARA COMPUTADORA)
9 (RLIN) 13950
650 #4 - ASIENTO SECUNDARIO DE MATERIA - TERMINO TEMATICO
Término de materia o nombre geográfico como elemento de entrada LINGO (LENGUAJE DE PROGRAMACION PARA COMPUTADORA)
9 (RLIN) 7536
700 1# - ASIENTO SECUNDARIO--NOMBRE DE PERSONAL
Nombre de persona Martin, Robert,
Fechas asociadas al nombre 1958- ,
Término indicativo de función/relación coaut.
905 ## - TIPO DE MATERIAL
Tipo de material Libro
Holdings
Estado de retiro Estado de pérdida Fuente del sistema de clasificación o colocación Estado dañado No para préstamo Código de colección Localización permanente Ubicación/localización actual Ubicación en estantería Total de préstamos Clasificación Código de barras Fecha visto por última vez Número de copia Tipo de ítem Koha
    Library of Congress Classification     Colección General Bib. Gregorio Torres Quintero Bib. Gregorio Torres Quintero Planta baja   QA76.575 N9.2 186915 31/12/2020 1 Libro